| 000 | 00675nam a22001577a 4500 | ||
|---|---|---|---|
| 008 | 160512b xxu||||| |||| 00| 0 eng d | ||
| 082 |
_22012 _aUT 0329 _bT25 |
||
| 100 |
_98008 _aTenebro, Cornelio D. _bJr. |
||
| 245 |
_aThe effectiveness of the philippine national police in crime prevention and suppression as perceived by selected barangay officials in Digos City/ _cCornelio D. Tenebro Jr., Ilona Jean P. Dumagan and Renaliza B. Limbo. |
||
| 260 |
_aDigos City: _bUMDC _cFebruary 2012. |
||
| 300 |
_a38 pages; _c28 cm. |
||
| 650 | 0 |
_98157 _aCriminology _xUndergraduate thesis. |
|
| 700 |
_98003 _aDumagan, Ilona Jean P. |
||
| 700 |
_98007 _aLimbo, Renaliza B. |
||
| 942 |
_2ddc _cUT |
||
| 999 |
_c2429 _d2429 |
||